01262nam a2200241Ia 450000100060000000300090000600800410001504000130005604000130006904100130008210000200009510000280011524500940014324500940023725000110033126000100034226000090035226000490036130000430041050005080045365000280096165000310098938003IT-RoPAU130308s9999 xx 000 0 und d aIT-RoPAU cIT-RoPAU aFRANCESE aEstivals Robert gCodice Aut. SPICS: 778 aLivre dans le monde 1971-1981 (Le)-Introduction a la bibliologie politique internationale bLivre Dans le monde 1971-1981 (Le)-Introduction a la bibliologie politique Internationale a1a ed. aPARIS bRetz c1983 [1° Ed.:1983 - Ed.Ling.Originale:1983] a"384 p. (prefazione: no ; testo: 384)" aIndustria dell'editoria Storia del Libro 1971/1981 Bibliologia Politica internazionale Libro in Francia Libro in Usa Libro in Giappone Libro in Svezia Libro in Jugoslavia Libro in Urss Libro in Polonia e Ungheria Libro in Cecoslovacchia Libro in Romania Libro in Bulgaria Libro nell'Africa Nera Libro in Tunisia Libro in Canada Libro in Messico Modelli Monarchici e Liberi Modelli Socialisti Modelli della Decolonizzazione Politica Teoria Generale della Bibliologia Politica Modello dominante e Dominato aINDUSTRIA DELL'EDITORIA eCodice materia Spics: 6606